|
|
|
|
| LEADER |
00000cam a22000004a 4500 |
| 001 |
musev2_64003 |
| 003 |
MdBmJHUP |
| 005 |
20230905050605.0 |
| 006 |
m o d |
| 007 |
cr||||||||nn|n |
| 008 |
180904s2019 iau o 00 0 eng d |
| 010 |
|
|
|z 2018042138
|
| 020 |
|
|
|a 9781609386467
|
| 020 |
|
|
|z 9781609386450
|
| 035 |
|
|
|a (OCoLC)1051778385
|
| 040 |
|
|
|a MdBmJHUP
|c MdBmJHUP
|
| 100 |
1 |
|
|a Schlegel, Rob,
|e author.
|
| 240 |
1 |
0 |
|a Poems.
|k Selections
|
| 245 |
1 |
0 |
|a In the Tree Where the Double Sex Sleeps /
|c Rob Schlegel.
|
| 264 |
|
1 |
|a Iowa City :
|b University of Iowa Press,
|c [2019]
|
| 264 |
|
3 |
|a Baltimore, Md. :
|b Project MUSE,
|c 2019
|
| 264 |
|
4 |
|c ©[2019]
|
| 300 |
|
|
|a 1 online resource (76 pages).
|
| 336 |
|
|
|a text
|b txt
|2 rdacontent
|
| 337 |
|
|
|a computer
|b c
|2 rdamedia
|
| 338 |
|
|
|a online resource
|b cr
|2 rdacarrier
|
| 490 |
0 |
|
|a Iowa Poetry Prize
|
| 505 |
0 |
|
|a Intro; Contents; I.; Show Cave; Novella; Citrus Cell; Nature Breeds a Promise-Keeping Animal; The Animal That Therefore I Am; Flesh Turns Stone into Music; The Forested Sea; II.; Early Onset; Clamor the Bells Falling Bells; Essay on the Nature and Principles of Air; Searches; Fable on Lunar Formation; Interrogative; III.; Le Soi; Firewall; Gethsemane; Threat Perception; 52 Trees; Wind Rings a Bell the Wind Can't Reach; In Light Leaves Collapse
|
| 588 |
|
|
|a Description based on print version record.
|
| 650 |
|
7 |
|a American poetry.
|2 fast
|0 (OCoLC)fst00807348
|
| 650 |
|
7 |
|a POETRY
|x General.
|2 bisacsh
|
| 650 |
|
7 |
|a FICTION
|x General.
|2 bisacsh
|
| 650 |
|
0 |
|a American poetry
|y 21st century.
|
| 655 |
|
7 |
|a Electronic books.
|2 local
|
| 710 |
2 |
|
|a Project Muse.
|e distributor
|
| 830 |
|
0 |
|a Book collections on Project MUSE.
|
| 856 |
4 |
0 |
|z Texto completo
|u https://projectmuse.uam.elogim.com/book/64003/
|
| 945 |
|
|
|a Project MUSE - Custom Collection
|
| 945 |
|
|
|a Project MUSE - 2019 Complete
|
| 945 |
|
|
|a Project MUSE - 2019 Poetry, Fiction and Creative Non-Fiction
|